Self evaluation and autonomy measures of mental health / (Record no. 88359)

MARC details
000 -LEADER
fixed length control field 00633nam a22001937a 4500
005 - DATE AND TIME OF LATEST TRANSACTION
control field 20140908104808.0
010 ## - LCCN (DPL NO)
LC control number ENG-110764
020 ## - INTERNATIONAL STANDARD BOOK NUMBER
International Standard Book Number 9788183875288
Terms of availability 695.00
035 ## - SYSTEM CONTROL NUMBER
System control number EN-94296
037 ## - SOURCE OF ACQUISITION
Source of stock number/acquisition DBAD/PUB
082 ## - DEWEY DECIMAL CLASSIFICATION NUMBER
Classification number 362.2
100 ## - MAIN ENTRY--PERSONAL NAME
Personal name Sunakall, Roopa S.
245 ## - TITLE STATEMENT
Title Self evaluation and autonomy measures of mental health /
Statement of responsibility, etc by Roopa S. Sunakall
260 ## - PUBLICATION, DISTRIBUTION, ETC. (IMPRINT)
Place of publication, distribution, etc New Delhi
Name of publisher, distributor, etc Serials Publications
Date of publication, distribution, etc 2012
270 ## - ADDRESS
Address 4830/24, Prahlad Street, Ansari Road, Darya Ganj
City New Delhi
Postal code 110002
300 ## - PHYSICAL DESCRIPTION
Extent 169p.
Dimensions 22cm(Hb)
500 ## - GENERAL NOTE
General note Includes bibliographical references
942 ## - ADDED ENTRY ELEMENTS (KOHA)
Source of classification or shelving scheme Dewey Decimal Classification
Item type English Books
Classification part 362.2
Call number suffix SUN
Holdings
Withdrawn status Lost status Not for loan Collection code Home library Current library Date acquired Source of acquisition Cost, normal purchase price Full call number Barcode Copy number Cost, replacement price Koha item type
    Not For Loan Non-fiction D.B.Act.Division D.B.Act.Division 05/09/2014 DBAD / PUB 695.00 362.2 SUN EN-94296 1 695.00 English Books

© Delhi Public Library
Hit Counter
free hit counter